<?xml version="1.0" encoding="UTF-8"?><?xml-stylesheet type="text/xsl" href="static/style.xsl"?><OAI-PMH xmlns="http://www.openarchives.org/OAI/2.0/" xmlns:xsi="http://www.w3.org/2001/XMLSchema-instance" xsi:schemaLocation="http://www.openarchives.org/OAI/2.0/ http://www.openarchives.org/OAI/2.0/OAI-PMH.xsd"><responseDate>2026-04-14T06:07:53Z</responseDate><request verb="GetRecord" identifier="oai:www.recercat.cat:2072/445354" metadataPrefix="marc">https://recercat.cat/oai/request</request><GetRecord><record><header><identifier>oai:recercat.cat:2072/445354</identifier><datestamp>2025-04-14T19:15:56Z</datestamp><setSpec>com_2072_98</setSpec><setSpec>col_2072_378197</setSpec></header><metadata><record xmlns="http://www.loc.gov/MARC21/slim" xmlns:dcterms="http://purl.org/dc/terms/" xmlns:xsi="http://www.w3.org/2001/XMLSchema-instance" xmlns:doc="http://www.lyncode.com/xoai" xsi:schemaLocation="http://www.loc.gov/MARC21/slim http://www.loc.gov/standards/marcxml/schema/MARC21slim.xsd">
   <leader>00925njm 22002777a 4500</leader>
   <datafield ind2=" " ind1=" " tag="042">
      <subfield code="a">dc</subfield>
   </datafield>
   <datafield ind2=" " ind1=" " tag="720">
      <subfield code="a">Roca Jusmet, Jordi</subfield>
      <subfield code="e">author</subfield>
   </datafield>
   <datafield ind2=" " ind1=" " tag="720">
      <subfield code="a">Padilla, Emilio</subfield>
      <subfield code="e">author</subfield>
   </datafield>
   <datafield ind2=" " ind1=" " tag="720">
      <subfield code="a">Universitat Autònoma de Barcelona. Departament d'Economia Aplicada</subfield>
      <subfield code="e">author</subfield>
   </datafield>
   <datafield ind2=" " ind1=" " tag="260">
      <subfield code="c">2020</subfield>
   </datafield>
   <datafield ind2=" " ind1=" " tag="520">
      <subfield code="a">La mayoría de las estadísticas, análisis y políticas sobre presiones ambientales adoptan una perspectiva territorial. De acuerdo con esta, las presiones ambientales se asignan al país (región o ciudad) en el que se generan. Sin embargo, la economía global se caracteriza por flujos masivos de mercancías entre diferentes territorios. Por ello, es importante analizar las presiones ambientales causadas por las demandas internas de un país, independientemente de dónde estas tengan lugar. Esta perspectiva se conoce como perspectiva "basada en el consumo" y se relaciona con el concepto de huella ambiental. En este artículo se ven algunos ejemplos de esta doble perspectiva, tanto en un caso de un problema global, como es el de las emisiones de gases de efecto invernadero, como en otros indicadores ambientales de problemas más locales o regionales. Las importantes diferencias entre los indicadores obtenidos con ambas perspectivas refuerzan la necesidad de tener en cuenta la perspectiva "basada en el consumo" para tener una mejor información de las diferentes responsabilidades en los diferentes problemas ambientales.</subfield>
   </datafield>
   <datafield tag="653" ind2=" " ind1=" ">
      <subfield code="a">Contabilidad desde la perspectiva del consumo</subfield>
   </datafield>
   <datafield tag="653" ind2=" " ind1=" ">
      <subfield code="a">Problemas ecológicos</subfield>
   </datafield>
   <datafield tag="653" ind2=" " ind1=" ">
      <subfield code="a">Huella de carbono</subfield>
   </datafield>
   <datafield tag="653" ind2=" " ind1=" ">
      <subfield code="a">Huella material</subfield>
   </datafield>
   <datafield tag="653" ind2=" " ind1=" ">
      <subfield code="a">Desplazamiento de carga ambienta</subfield>
   </datafield>
   <datafield ind2="0" ind1="0" tag="245">
      <subfield code="a">Globalización y responsabilidad en los problemas ecológicos</subfield>
   </datafield>
</record></metadata></record></GetRecord></OAI-PMH>